000
00257nam a2200109Ia 4500
008
170627s9999 xx 000 0 und d
100
_a
SINGH-YOGENDRA
245
0
_a
ORGANIZATIONAL BEHAVIOUR
260
_b
AITBS
260
_c
2004
546
_a
ENGLISH
690
_a
TECHNICAL COMUNICATION
999
_c
35486
_d
35486